Culture générale en échelle de difficulté - Statistiques

Statistiques générales
  • Ce quiz a été pris 229 fois
    193 depuis la dernière actualisation
  • Le résultat moyen est 12 sur 30
Statistiques - réponses
Niveau Question Réponse % Correct
1 Le célèbre tube de Johnny Hallyday s'appelle "Allumer le ... ? Feu
93%
1 Qui est le frère de Luigi ? Mario
93%
1 Quel est la capitale de l'Espagne ? Madrid
90%
1 En quelle année fut signée l'armistice de la 1ère guerre mondiale ? 1918
83%
1 Qui a inscrit un doublé en final de la coupe du monde 1998 ? Zinédine Zidane
81%
1 Dans quelle ville vivent les Simpson ? Springfield
80%
2 Dans quel pays trouve-t-on les régions de la Saxe et de la Bavière ? Allemagne
78%
2 Quelle console de salon Nintendo est sortie en 2006 ? Wii
76%
2 Combien de titres de champion de France l'Olympique Lyonnais a-t-il remporté successivement ? 7
75%
3 Quel pays remporta la toute première coupe du monde de football ? Uruguay
64%
2 Qui a composé la "chanson hymne" des Enfoirés ? Goldman
59%
3 Si je me trouve devant la célèbre statue de la petite sirène, dans quelle ville suis-je ? Copenhague
52%
3 Dans quel série de jeux vidéo peut-on retrouver le "lac Hylia" et le "Village Cocorico " ? Zelda
50%
2 Quel est le prénom du chat dans Titi et Grosminet ? Sylvestre
35%
3 Quelle comédie musicale a révéler Christophe Maé ? Le Roi Soleil
29%
4 Qui remporta le ballon d'or en 2003 ? Pavel Nedved
27%
4 Quel est le chef lieu du Gers ? Auch
17%
5 Quel gardien a réalisé le célèbre "coup du scorpion" lors d'un match entre la Colombie et l'Angleterre ? René Higuita
17%
2 Dans quelle ville est née Jeanne d'Arc ? Domrémy-la-Pucelle
16%
3 Qui était chef du gouvernement Britannique lors de la 2nd guerre mondiale ? Winston Churchill
15%
3 Quel est le tout premier pokémon capturé par Sacha dans le dessin animé ? Chenipan
11%
5 Quel célèbre château a été commandité par François 1er en 1519 ? Le château de Chambord
9%
4 Quelle dynastie succéda aux Capétiens dans l'histoire de France ? Les Valois
9%
4 Quelle artiste a hissée 2 tubes numéro 1 des ventes en France en 1995 ? Céline Dion
8%
4 Quel est le nom de famille de Claire et Chris dans la saga "Résident Evil " ? Redfield
8%
4 Dans quelle série animé peut-on retrouver le poisson rouge prénommé "Klaus" ? American Dad
3%
5 Quel est le titre du 5ème album sortie par Taylor Swift en 2014 ? 1989
1%
5 Historiquement, quelle ville fut la 1ère capitale de l'Empire Ottoman en 1326 et Edirne en 1364. Bursa
1%
5 Comment se nomme l'institutrice dans " le bus magique" ? Mlle Bille-en-tête
1%
5 Quel est le nom de la première console Sega sortie en 1983, uniquement au Japon ? SG-1000
1%
Aucun quiz correspondant
Distribution des résultats
% des personnes avec chaque résultat
Percentile par nombre de réponses
Votre historique - résultats
Vous n’avez pas pris ce quiz depuis la dernière actualisation